Tallest Cities in Ohio - Statistics

General Stats
  • This quiz has been taken 54 times
  • The average score is 6 of 9
Answer Stats
Tallest Building Height Answer % Correct
Rhodes State Office Tower 629 Feet/ 192 Meters Columbus
100%
Great American Tower 664 Feet/ 202 Meters Cincinnati
98%
Key Tower 947 Feet/ 289 Meters Cleveland
98%
Huntington Tower 330 Feet/ 101 Meters Akron
93%
Fifth Third Center 411 Feet/ 125 Meters Toledo
93%
Kettering Tower 405 Feet/ 123 Meters Dayton
90%
Winton Place 264 Feet/ 81 Meters Lakewood
35%
The Watergate 256 Feet/ 78 Meters Euclid
15%
Lake Park Tower 327 Feet/ 100 Meters East Cleveland
10%
No matching quizzes found
Score Distribution
Percent of People with Each Score
Percentile by Number Answered
Your Score History
You have not taken this quiz